00868nam a2200205 a 4500003000200000005001700002008004100019050003000060100003300090245012600123260009200249300004000341504004100381650002000422650003700442650002200479942001400501999001700515952013000532020250509143235.0021107s19uu xx 00 eng d aPGS LB 2350.5b.B523 2002 aBernardo, Julian Theodore L. aCourse and college preferences of fourth year students of Southville International School /cJulian Theodore L. Bernardo. aLas Piñas City, Philippines : bSouthville International School and Colleges,c2002. a21 pages :billustrations ;c28 cm. aIncludes bibliographical references. aCollege choice. aHigh school studentsvAttitudes. aCareer education. 2lcccPASS c96599d96599 00102lcc40aLUXbLUXcPASSd2002-11-07eDONATIONl0oPGS LB 2350.5 .B523 2002pP0575r2014-04-08 00:00:00w2014-04-08yPASS